| 000 | 02279ncm0a22004211 4500 | ||
|---|---|---|---|
| 001 | RU\NLR\ONIZ\219239 | ||
| 005 | 20250626085029.0 | ||
| 013 | _a979-0-706385-34-1 | ||
| 021 |
_aRU _b16-74н _916-4н |
||
| 035 | _aRU\NLR\ONIZ\Таня\5000005182\20170810163044 | ||
| 035 | _a(NLR Aleph) 011534810 | ||
| 090 |
_a12163384 _c12163384 |
||
| 100 | _a20170810d2015 |||y0rusy50 ca | ||
| 101 | 0 | _arus | |
| 102 | _aRU | ||
| 125 | _abb | ||
| 128 | _aely | ||
| 145 | 0 | _ab | |
| 200 | 1 |
_aЭлегия _bНоты _eдля струн. и фп. _fИ. А. Субботин _gред. скрипич. партий А. Н. Гольденберг |
|
| 208 | _aПартитура, [партии] | ||
| 210 |
_aСаратов _cСаратовская гос. консерватория им. Л. В. Собинова _d2015 |
||
| 215 |
_a7 с., 3 парт. (3 с. разд. паг.) _d30 см |
||
| 300 | _aНа тит. л.: 2015 год литературы в России | ||
| 313 | _aСистематизация документа проведена по изданию - Методика классифицирования музыкальных произведений (нотных изданий) по таблицам Библиотечно-библиографических классификаций : метод. рекомендации / Гос. б-ка СССР им. В.И. Ленина.- М., 1977. Индексу ББК методических рекомендаций присваивается код ББК для научных библиотек - LBC/SL | ||
| 606 | 1 |
_aЭлегии инструментальные _yРоссия _z20-21 вв. _jНоты _2nlr_sh |
|
| 686 |
_aЩ952.142.7-058.6(2Р) _vLBC/SL _2rubbk |
||
| 700 | 1 |
_9z01790 _aСубботин _bИ. А. _gИван Александрович _4230 |
|
| 702 | 1 |
_9z02790 _aГольденберг _bА. Н. _gАнна Наумовна _4340 |
|
| 790 | 1 |
_9z01700 _aSubbotin _bI. A. _gIvan Aleksandrovich _4230 |
|
| 790 | 1 |
_9z02702 _aGol`denberg _bA. N. _gAnna Naumovna _4340 |
|
| 801 | 0 |
_aRU _bNLR _c20170810 _gPSBO |
|
| 801 | 1 |
_aRU _bNLR _c20170810 _2rusmarc |
|
| 801 | 2 |
_aRU _bNLR _c20170810 |
|
| 852 |
_aNLR _bМ _jК-3/28720 _pМОЭ 2016-4н/74н _t1 |
||
| 942 | _cSCORE | ||
| 980 | _aNB | ||
| 980 | _aONIZ | ||